000 00691cab a2200265 4500
001 WB3412-35
008 090401t1998 xxu||||| |||| 00| 0 eng d
035 _a(Sirsi) u85197
041 _aeng
245 _aInvesting in South Africa
260 _c1998
350 _a0
490 _aFinancial Times
_v24 March 1998 (6)
520 _aA survey of prospects in South Africa for inward investment.
650 _aCAPE TOWN
650 _aCAR INDUSTRY
650 _aECONOMY
650 _aFOREIGN INVESTORS
650 _aINDUSTRIAL RELATIONS
650 _aINWARD INVESTMENT
650 _aSOUTH AFRICA
690 _aOVERSEAS-REST OF THE WORLD
942 _n0
948 _c25/03/1998
999 _c53554
_d53554